000 00368 a2200169 4500
001 188303
020 _a978-85-329-0714-1
040 _cMagnum
100 _aVeneza, Maurício
240 1 0 _aCom o pé na estrada
_lpor
245 1 0 _aCom o pé na estrada
300 _a55
362 0 _a2009
440 1 _a
697 _aLITERATURA INFANTO-JUVENIL
942 _cBK
999 _c188303
_d188303